Cryogenic Properties of Polymers (Record no. 247554)

MARC details
000 -LEADER
fixed length control field 00472nam a2200193Ia 4500
008 - FIXED-LENGTH DATA ELEMENTS--GENERAL INFORMATION
fixed length control field 240921s9999||||xx |||||||||||||| ||und||
082 ## - DEWEY DECIMAL CLASSIFICATION NUMBER
-- 547.7 L8
100 ## - MAIN ENTRY--PERSONAL NAME
Personal name Serafini,Tito T
245 #0 - TITLE STATEMENT
Title Cryogenic Properties of Polymers
250 ## - EDITION STATEMENT
Edition statement 1st
260 ## - PUBLICATION, DISTRIBUTION, ETC. (IMPRINT)
Date of publication, distribution, etc 1978
Name of publisher, distributor, etc Marcel,New York
500 ## - GENERAL NOTE
General note Mechanical Relaxation
650 ## - SUBJECT ADDED ENTRY--TOPICAL TERM
Topical term or geographic name as entry element Cryogenic
700 ## - ADDED ENTRY--PERSONAL NAME
Personal name Koenig,Jack L
942 ## - ADDED ENTRY ELEMENTS (KOHA)
Item type Books
Holdings
Withdrawn status Lost status Damaged status Permanent location Current location Shelving location Date acquired Source of acquisition Cost, normal purchase price Full call number Barcode Date last seen Koha item type
      CENTRAL LIBRARY, NOORUL ISLAM CENTRE FOR HIGHER EDUCATION CENTRAL LIBRARY, NOORUL ISLAM CENTRE FOR HIGHER EDUCATION   05/09/2003 Nil 100.00 547.7 L8 509 09/21/2024 Books
Visitors:
Copyright © 2024 Central Library NICHE.  All rights reserved.